Quiz Super-Vilains Marvel - Statistiques

Statistiques générales
  • Ce quiz a été pris 973 fois
  • Le résultat moyen est 14 sur 51
Statistiques - réponses
Ennemis ou supers heros qu'ils combattent Reponse % Correct
Thor Loki
80%
Les Gardiens de la Galaxie Thanos
73%
X-Men Magneto
72%
Spider-man Venom
70%
Spider-man Bouffon vert
69%
Captain America Crane rouge
69%
Spider-man Dr Octopus
66%
Spider-man Electro
54%
Spider-man et Daredevil Mysterio
53%
Spider-man Le Vautour
47%
Les Quatre Fantastiques Dr Fatalis
46%
Avengers et Les Quatre Fantastiques Ultron
46%
Spider-man l'homme sable
43%
Les Quatre Fantastiques Galactus
40%
Spider-man le Lezard
39%
Spider-man Carnage
36%
Spider-man et Daredevil Le Caid
35%
Iron Man Le Mandarin
34%
Hulk l'Abomination
33%
Wolverine Dent de sabre
30%
Docteur Strange Dormammu
29%
X-Men Mystique
29%
X-Men Apocalypse
28%
Thor Malekith
28%
Spider-man Le Rhino
27%
Captain America et du SHIELD Baron zemo
20%
Les Gardiens de la Galaxie Ronan L'accusateur
20%
Iron Man Whiplash
20%
Spider-man Kraven le chasseur
19%
X-Men Le Fleau
19%
Spider-man Scorpion
17%
Hulk Hulk Rouge
16%
Spider-man Shocker
13%
Captain America M.O.D.O.K
12%
Captain America Arnim Zola
10%
Thor Laufey
10%
Spider-man Le Cameleon
9%
X-Men Le Crapaud
9%
Hulk Le Leader
9%
X-Men Pyro
8%
Captain America et du SHIELD Baron Strucker
4%
Spider-man Hammerhead
3%
Thor Kurse
2%
X-Men Le Blob
2%
Les Quatre Fantastiques Le super Skrull
2%
Spider-man, La Chose et La Torche humaine Scarabee
2%
Thor Homme absorbant
1%
Captain America et du SHIELD La Vipere
1%
Spider-Man et La Torche Humaine Le Sorcier
1%
X-Men Mastermind
1%
Wolverine Samurai d'argent
1%
Aucun quiz correspondant
Distribution des résultats
% des personnes avec chaque résultat
Percentile par nombre de réponses
Votre historique - résultats
Vous n’avez pas pris ce quiz